000 00950nam a22003850a 4500
001 PT59313
003 AR-LpoUNG
005 20210131231923.0
008 191001s2008||||sp |||||||||||||||||spa d
020 _a9788437071534
_c$12,50
040 _aAR-LpoUNG
_bspa
_cAR-LpoUNG
_eaacr
041 _aspa
044 _asp
082 0 _a909.5 261leo
100 1 _aDavis, Natalie Zemon
245 1 0 _aLeón el africano :
_bun viajero entre dos mundos
250 _a1ra. ed.
260 _aValencia :
_bUniversitat de València,
_c2008.
300 _a406 p. :
_bil., fot.
650 4 _aAFRICA
650 4 _aBIOGRAFIAS
650 4 _aCRISTIANISMO
650 4 _aCULTURA
650 4 _aEUROPA
650 4 _aFACTORES CULTURALES
650 4 _aGEOGRAFIA
650 4 _aHISTORIA
650 4 _aISLAMISMO
650 4 _aJUDAISMO
650 4 _aRELIGION
650 4 _aVIAJES
700 1 _aGuia, Aitana
_etr.
905 _a59313
942 _cLSALA
999 _c12604
_d12604